02306nam a2200301 a 450000100100000000500170001000800410002702000180006804000250008608200170011110000460012824501140017426000360028830000350032450000710035950400560043050507000048659000270118665000540121365100600126791000380132795201290136595201290149495201290162395201150175295201200186799900170198700002887820200930055207.0110412s2012 dr ac 000 0 spa d a9789945489279 aDO-SdBNPbspacBNPHU a359.94bO77p1 aOrtega Vergés, Carlos M.,d1969-95584810aPoder aéreo en la República Dominicana :bhistoria de la aviación militar /cCarlos M. Ortega Vergés. aSanto Domingo :bBúho,c2012. a246 p. :bil., retrs. ;c27cm. aIncluye datos biográficos del autor en la solapa de la cubierta. aIncluye bibliografía y notas al pie de páginas.0 gPrólogo /rPedro R. Peña Antonio --tLeyendas de la aviación --tAntecedentes históricos de la República Dominicana (1910-1930) --tCreación de la aviación militar (1931-1940) --tNacimiento de la Fuerza Aérea Dominicana (1941-1950) --tÉpoca de Oro de la Fuerza Aérea Dominicana (1951-1960) --tDesarrollo de la Fuerza Aérea Dominicana (1961-1970) --tDesarrollo de la Fuerza Aérea Dominicana (1971-1980) --tDesarrollo de la Fuerza Aérea Dominicana (1981-1990) --tDesarrollo de la Fuerza Aérea Dominicana (1991-2000) --tDesarrollo de la Fuerza Aérea Dominicana (2001-Actualidad) --tDatos interesantes de la aviación --gGalería fotográfica --gGenerales. aInventariado, 2018/ YL 4aAviación militarzRepública Dominicana955849 4aRepública DominicanaxFuerza AéreaxHistoria911639 aValidado. Control de calidad EMS. 001054708DSaGRbGRcHDd2012-11-13iLF1l0o359.94 O77pp28878-30r2020-06-25te.3w2020-06-25yLFDSZPréstamo en sala 001054708DSaGRbGRcHDd2012-11-15iLF1l0o359.94 O77pp28878-40r2020-06-25te.4w2020-06-25yLFDSZPréstamo en sala 001054708DSaGRbGRcHDd2012-11-15iLF1l0o359.94 O77pp28878-50r2020-06-25te.5w2020-06-25yLFDSZPréstamo en sala 0010718PDaPDbPDcHDd2011-04-12iLF1l0o359.94 O77pp28878-10r2020-06-25w2020-06-25yLFPDZNo se presta 0010718PDaPDbPDcHDd2012-11-13iLF1l0o359.94 O77pp28878-20r2020-06-25te.2w2020-06-25yLFPDZNo se presta c28370d28370